Bilecik Bilecik Bilecik Bilecik Bilecik

Büro yönetimi ve iletişim teknikleri/ (Record no. 1122)

MARC details
000 -BAŞLIK
Sabit Uzunluktaki Kontrol Alanı 01127nam a22003617a 4500
001 - KONTROL NUMARASI
Control Dosyası 0001127
003 - KONTROL NUMARASI KİMLİĞİ
Kontrol Alanı KOHA_MİRAKIL
005 - EN SON İŞLEM TARİHİ ve ZAMANI
Kontrol Alanı 20260207001231.0
007 - FİZİKSEL TANIM SABİT ALAN - GENEL BİLGİ
Sabit uzunluklu kontrol alanı ta
008 - SABİT UZUNLUKTAKİ VERİ ÖGELERİ - GENEL BİLGİ
Sabit Alan 081212b2008 tu |||gr||||#||||0|tur |
020 ## - ISBN - ULUSLARARASI STANDART KİTAP NUMARASI
Isbn 9758768077
Kullanılabilirlik koşulları YTL15,69
040 ## - KATALOGLAMA KAYNAĞI
Özgün Kataloglama Kurumu TR-BiSEU
Kataloglama Dili tur
Çeviri Kurumu TR-BiSEU
Açıklama Kuralları rda
041 0# - DİL KODU
Metin ya da ses kaydının dil kodu tur
044 ## - YAYINLAYAN/ÜRETEN KURULUŞUN ÜLKE KODU
ISO country code tu
050 ## - SINIFLAMA ve YER NUMARASI
Sınıflama Numarası HF5547
Yer Numarası .S25 2008
100 1# - KİŞİ ADI
Yazar Adı (Kişi adı) Şakar, Özlem.
245 1# - ESER ADI BİLDİRİMİ
Başlık Büro yönetimi ve iletişim teknikleri/
Sorumluluk Bildirimi Özlem Şakar ; Özlem Şakar, Nazife Küçükaslan.
250 ## - BASIM BİLDİRİMİ
Basım Bildirimi 5. bs.
264 #1 - ÜRERİM, YAYIN, DAĞITIM ve TELİF BİLDİRİMİ
Yayın yeri Bursa :
Yayınlayan Ekin Kitabevi
Yayın tarihi 2008
300 ## - FİZİKSEL TANIMLAMA
Sayfa, Cilt vb. 296 sayfa
336 ## - İÇERİK TÜRÜ
Content type term metin
Content type code txt
Source rdacontent
337 ## - MEDYA TÜRÜ
Media type term aracısız
Media type code n
Source rdamedia
338 ## - TAŞIYICI TÜRÜ
Carrier type term cilt
Carrier type code nc
Source rdacarrier
650 #0 - KONU BAŞLIĞI EK GİRİŞ - KONU TERİMİ
Konusal terim veya coğrafi ad Office Management.
9 (RLIN) 3091
650 #0 - KONU BAŞLIĞI EK GİRİŞ - KONU TERİMİ
Konusal terim veya coğrafi ad Office Practice--Automation.
9 (RLIN) 3092
650 #0 - KONU BAŞLIĞI EK GİRİŞ - KONU TERİMİ
Konusal terim veya coğrafi ad Management information systems.
9 (RLIN) 3093
650 #0 - KONU BAŞLIĞI EK GİRİŞ - KONU TERİMİ
Konusal terim veya coğrafi ad Communication in Organization.
9 (RLIN) 3094
650 #0 - KONU BAŞLIĞI EK GİRİŞ - KONU TERİMİ
Konusal terim veya coğrafi ad Büro yönetimi.
9 (RLIN) 2456
650 #0 - KONU BAŞLIĞI EK GİRİŞ - KONU TERİMİ
Konusal terim veya coğrafi ad Büro uygulamaları--Otomasyon.
9 (RLIN) 3095
650 #0 - KONU BAŞLIĞI EK GİRİŞ - KONU TERİMİ
Konusal terim veya coğrafi ad Yönetim bilişim sistemleri.
9 (RLIN) 3096
650 #0 - KONU BAŞLIĞI EK GİRİŞ - KONU TERİMİ
Konusal terim veya coğrafi ad İletişim, Örgütlerde.
9 (RLIN) 2828
942 ## - EK GİRİŞ ÖGELERİ (KOHA)
Source of classification or shelving scheme Library of Congress Classification
Koha item type Book
Holdings
Materyal Türü Kalıcı Konum Mevcut Konum Raf Yeri Sınıflandırma Kaynağı Edinim Bilgisi Ana Konular Alt Konular Yer Numarası Demirbaş Numarası Fatura Tarihi Maliyet, Alış Fiyatı Maliyet, Yenileme Fiyatı Geri Çekilme Durumu Kayıp Durumu Hasarlı Durumu Kredi için değil Kayıt Tarih Toplam Ödünçverme Son Görülme Tarihi Son Kontrol Tarihi
Book Prof. Dr. Azmi Özcan Kütüphanesi Prof. Dr. Azmi Özcan Kütüphanesi Uluğbey Salonu Library of Congress Classification Satın SOSYAL BİLİMLER Ticaret HF5547 .S25 2008 0001127 12/12/2008 16.95 16.95         12/12/2008 3 26/05/2025 26/05/2025